000 00403nam a22001457a 4500
020 _qPB.
040 _cFizza Ishaq
082 _a726.60945
_bRIC
100 _aParsons, Creese Richard.
_9134238
245 _aSt. Mark's - The Basilica of Gold /
_cRichard Creese-Parsons.
250 _a3rd Italian Ed.
260 _aVenice :
_bEdizioni Zanipolo Venezia,
_c1968.
300 _a145 p, ;
942 _2ddc
_cBK
999 _c617212
_d617212